01224nam a2200229 a 4500001001000000003000900010005001700019007000300036008004100039020004600080040002500126082002300151100002400174245011000198250001200308260006100320300002100381505047100402651004500873651003900918700003700957000021643DO-SdBNP20250912133545.0ta100909s2011 dr 000 0 spa d a97899454574087 (encuadernación de lujo) aDO-SdBNPbspacBNPHU a972.93 bH695s2221 aHoetink, H.,d1931-10aSanto Domingo y el Caribe :bensayos sobre cultura y sociedad /cHarry Hoetink ; prólogo Bernardo Vega. a2a. ed. aSanto Domingo :bFundación Cultural Dominicana,c2011. a211 p. ;c23 cm. aPequeño tríptico dominicano-holandés 13|Los americanos en Samaná 25|El Cibao: 1844-1900: su aportación a la formación social de la República 51|Escasez laboral e inmigración en la República Dominicana, 1875-1930 91|Ideología, intelectuales, identidad: la República Dominicana. 1880-1980. Algunas notas preliminares 113|Africa y el Caribe: los vínculos culturales 131|Raza y color en el Caribe 159|Datos sobre los artículos en este libro 203 0aCaribe (Región)xCivilización)2LEMB 0aCaribe (Región)xHistoria 2LEMB1 aVega, Bernardo,d1938 -epról.